000 00645nam a2200241Ia 4500
003 OSt
005 20220918174257.0
006 a|||||r|||| 00| 0
007 ta
008 220917b |||||||| |||| 00| 0 eng d
024 _a11,375
037 _cTextual
040 _aARTS
_cARTS
_beng
041 _2eng
_aeng
082 _a/\,12.5.N, L5
100 _aCavendish Richard
_97547
245 0 _aPowers of evil in western religion
260 _aLondon
_bRoutledge and Kegan Paul
_c1975
300 _aix,299p
_ccm.
650 _aSPIRITUALISM
942 _h/\,12.5.N, L5
_cTEXL
_2CC
999 _c152486
_d152486